| 000 | 02819cam a22002174a 4500 | ||
|---|---|---|---|
| 005 | 20250605164104.0 | ||
| 008 | 250528s ||||||||||||||||||||||||d | ||
| 035 | _a17660 | ||
| 020 | _a9789605850494 | ||
| 040 |
_aGR-AtMCL _bgre _dGR-AtMCL _eAACR2 |
||
| 245 | 1 | _aΞεπερνώντας τον Πανικό / Ένας Οδηγός Αυτοβοήθειας με Γνωσιακές - Συμπεριφοριστικές Τεχνικές | |
| 260 |
_bΠεδίο, _c2015 |
||
| 300 | _a208 | ||
| 520 | _aΤο βιβλίο αυτό είναι ένα εξαιρετικό εγχειρίδιο αυτοβοήθειας που επιτρέπει στους ανθρώπους να διαχειριστούν τα προβλήματα που τους οδήγησαν στις κρίσεις πανικού, αλλά και τα προβλήματα που προέκυψαν εξαιτίας τους. Εισαγωγή, Κρίσεις Πανικού και Αγοραφοβία, Μια Μέρα στη Ζωή μου, Τι Είναι η Διαταραχή Πανικού και η Αγοραφοβία, Πώς Επηρεάζουν η Διαταραχή Πανικού και η Αγοραφοβία την Καθημερινή Ζωή, Τι Προκαλεί τον Πανικό και την Αγοραφοβία, Πώς Μπορεί να Θεραπευτεί η Διαταραχή Πανικού και η Αγοραφοβία, Αντιμετωπίζοντας τις Κρίσεις Πανικού - Εγχειρίδιο Αυτοβοήθειας, Αναγνωρίζοντας Πότε Αισθάνεστε Άγχος και Εντοπίζοντας τους Εκλυτικούς Παράγοντες του Πανικού, Εγχειρίδιο Αυτοβοήθειας, Αναγνωρίζοντας Πότε Αισθάνεσαι Άγχος και Εντοπίζοντας τους Εκλυτικούς Παράγοντες του Πανικού, Αλλάζοντας τους Παράγοντες του Τρόπου Ζωής που Συντελούν ατις Κρίσεις Πανικού, Ελέγχοντας τις Κρίσεις Πανικού, Αλλάζοντας τους Αναποτελεσματικούς Τρόπους Σκέψης, Αντιμετωπίζοντας τα Σωματικά Αισθητηριακά Αισθήματα, Ξεπερνώντας την Αγοραφοβία και Εντοπίζοντας Περιοχές Προβλημάτων, Αποφεύγοντας τα Πισωγυρίσματα, Σημείωση για την Κατάθλιψη, Προτεινόμενη Βιβλιογραφία. | ||
| 700 | 1 |
_aManicavasagar Vijaya _93848 |
|
| 700 | 1 |
_aSilove Derrick _93849 |
|
| 700 | 1 |
_aΚαλπάκογλου Θωμάς _93850 |
|
| 942 | _cBK | ||
| 999 |
_c3062 _d3062 |
||